000 00268nam a2200109Ia 4500
008 190914s9999||||xx |||||||||||||| ||und||
100 _aRay Wild
245 0 _aOperations Management with CD-ROM
260 _aNew Jersey
_bThomson South
_c1997
300 _a604
942 _cBK
999 _c9485
_d9485